000 02806cam a2200397 a 4500
999 _c41596
_d41596
001 16201084
003 OSt
005 20221007094043.0
008 100423s2010 njua bf 001 0 eng
010 _a 2010016633
015 _aGBB045867
_2bnb
016 7 _a015522040
_2Uk
020 _a9780470227213 (hc)
020 _a0470227214 (hc)
035 _a(OCoLC)ocn496961948
040 _aDLC
_cDLC
_dBTCTA
_dYDXCP
_dC#P
_dCDX
_dBWX
_dUKM
_dAGL
_dDLC
042 _apcc
050 0 0 _aTP440
_b.H357 2010
070 0 _aTP440
_b.H357 2010
082 0 0 _a664.5
_222
_bHUI/H
245 0 0 _aHandbook of fruit and vegetable flavors /
_cedited by Y.H. Hui ; associate editors, Raquel P.F. Guiné ... [et al.].
260 _aHoboken, N.J. :
_bWiley,
_cc2010.
300 _axx, 1095 p. :
_bill. ;
_c26 cm.
504 _aIncludes bibliographical references and index.
520 _a"Acting as chemical messengers for olfactory cells, food flavor materials are organic compounds that give off a strong, typically pleasant smells. Handbook of Fruit and Vegetable Flavors explores the flavor science and technology of fruits and vegetables, spices, and oils by first introducing specific flavors and their commercialization, then detailing the technical aspects, including biology, biotechnology, chemistry, physiochemistry, processing, analysis, extraction, commodities, and requirements for application as food additives. With chapter authors representing more than ten different countries, this handy reference provides a comprehensive view of this evolving science."--
_cProvided by publisher.
520 _a"This book provides a comprehensive reference on the flavor science and technology of fruits and vegetables, spices, and oils. Beginning with an introduction on the specific flavors and their commercialization, the book then details the technical aspects including biology, biotechnology, chemistry, physiochemistry, processing, analysis, extraction, commodities, and requirements for application as food additives. Regulatory considerations are discussed in relation to sanitation and safety in a flavor manufacturing establishment."--
_cProvided by publisher.
650 0 _aFruit
_xFlavor and odor
_vHandbooks, manuals, etc.
650 0 _aVegetables
_xFlavor and odor
_vHandbooks, manuals, etc.
650 0 _aOils and fats
_xFlavor and odor
_vHandbooks, manuals, etc.
650 0 _aFood
_xSensory evaluation
_vHandbooks, manuals, etc.
700 1 _aHui, Y. H.
_q(Yiu H.)
_99149
856 4 2 _3Cover image
_uhttp://catalogimages.wiley.com/images/db/jimages/9780470227213.jpg
906 _a7
_bcbc
_corignew
_d1
_eecip
_f20
_gy-gencatlg
942 _2ddc
_cBK
_h664.5
_iHUI/H
_k664.5
_mHUI/H